| 000 | 00660nam a2200205Ia 4500 | ||
|---|---|---|---|
| 008 | 140626s9999 xx 000 0 und d | ||
| 100 | _aHaugan, Grethe. | ||
| 245 |
_aFamiliarity knowledge in student nurses' clinical studies : _bexemplified by student nurses in palliative care / _cGrethe Haugan … [et al.]. |
||
| 260 | _cc2012. | ||
| 300 | _a26 : 2, page 95 | ||
| 440 | _aResearch and Theory for Nursing Practice | ||
| 521 | _aNUR | ||
| 650 | _aClinical practice. | ||
| 650 | _aFamiliarity knowledge. | ||
| 650 | _aMentoring. | ||
| 650 | _aPalliative care. | ||
| 650 | _aPatient-nurse relationship. | ||
| 650 | _aStudent nurses. | ||
| 942 | _cSE | ||
| 999 |
_c121380 _d121380 |
||